Sports Quiz

Random Sports or Cricket Quiz

Who played the most Test matches from 1980 to 1989? Quiz Stats

 Plays Quiz not verified by Sporcle

Score 0/24 Timer 05:00
0 Plays Today
% Correct
Allan Border
93.9%
Viv Richards
92.2%
Ian Botham
91.8%
David Gower
91.3%
Javed Miandad
90%
Gordon Greenidge
86.6%
Desmond Haynes
85.7%
Kapil Dev
85.7%
Imran Khan
83.5%
Richard Hadlee
83.5%
Graham Gooch
82.7%
Malcolm Marshall
82.3%
% Correct
Allan Lamb
80.1%
Sunil Gavaskar
76.2%
Mike Gatting
75.3%
Jeff Dujon
71.9%
Dilip Vengsarkar
69.3%
Ravi Shastri
59.7%
John Wright
55.8%
Abdul Qadir
47.2%
Saleem Malik
46.8%
John Emburey
46.8%
Mudassar Nazar
32%
Kim Hughes
19%

You're not logged in!

Compare scores with friends on all Sporcle quizzes.
Join for Free
OR
Log In

You Might Also Like...

Show Comments

Extras

Top Quizzes Today


Score Distribution

Your Account Isn't Verified!

In order to create a playlist on Sporcle, you need to verify the email address you used during registration. Go to your Sporcle Settings to finish the process.

Report this User

Report this user for behavior that violates our Community Guidelines.

Details: